000 00332 a2200145 4500
999 _c12206
_d12206
003 OSt
005 20231223140319.0
008 231223b ||||| |||| 00| 0 eng d
020 _a9788957704523
082 _a749
100 _aJIBBOO P
245 _aObjet 2 : creative idea & unique design
260 _bARCHI
_c2013
942 _2ddc